Jurisprudencia judicial administrativa

Furkejuvvon:
Bibliográfalaš dieđut
Searvvušdahkki: Departamento de Estudios Jurídicos PUNTOLEX (Dahkki)
Materiálatiipa: Girji
Giella:espánnjágiella
Almmustuhtton: Santiago Punto Lex 2007
Fáttát:
Fáddágilkorat: Lasit fáddágilkoriid
Eai fáddágilkorat, Lasit vuosttaš fáddágilkora!

MARC

LEADER 00000nam a2200000 a 4500
001 UCI6220
003 CL-VaPUC
008 080425e20070000CL |||||||||||||||||spa|d
020 |a 9789568541354 
082 0 4 |a 342.8306  |b DEP  |2 21 
110 2 |a Departamento de Estudios Jurídicos PUNTOLEX  |e author  |9 528942 
245 1 0 |a Jurisprudencia judicial administrativa 
300 |a 2 v 
942 |c BK 
945 |d 20080425 00:00:00  |a rbrito 
260 |a Santiago  |b Punto Lex  |c 2007 
500 |a v.1: Estatuto administrativo, responsabilidad del Estado 
500 |a v.2: Procedimiento administrativo, acto administrativo, contratación administrativa, facultades de la Contraloría General de la República 
600 0 7 |a CONTRALORIA GENERAL DE LA REPUBLICA  |2 CL-VaPUC  |9 255756 
650 0 |a Derecho administrativo  |9 254851 
650 0 |a Jurisprudencia  |9 255952 
650 7 |a ESTATUTO ADMINISTRATIVO  |2 CL-VaPUC  |9 255948 
650 0 |a Responsabilidad del estado  |9 258115 
650 0 |a Procedimiento administrativo  |9 256132 
583 |a last modification  |c 20080425 00:00:00  |k Rodrigo Vera 
999 |c 329751  |d 329749 
952 |0 0  |1 0  |4 0  |6 342_830600000000000_DEP_2007  |7 0  |8 A  |9 414800  |a BIBDER  |b BIBDER  |d 2019-11-22  |h v.1  |i 4433157  |o 342.8306 DEP 2007  |p 4433157  |r 2023-01-25  |w 2019-11-22  |y BK  |k DER 
952 |0 0  |1 0  |4 0  |6 342_830600000000000_DEP_2007  |7 0  |8 A  |9 414801  |a BIBDER  |b BIBDER  |d 2019-11-22  |h v.2  |i 4433165  |o 342.8306 DEP 2007  |p 4433165  |r 2023-01-25  |w 2019-11-22  |y BK  |k DER